000 00463cam a22001457a 4500
008 180718b1980 xxu||||| |||| 00| 0 eng d
082 _aAPPPA 79-80 SHA
100 _aSharma, R.C.
245 _aPerformance budgeting in forest department of Madhya Pradesh
_cby R.C. Sharma
260 _aNew Delhi
_bIndian Institute of Public Administration
_c1980
300 _a155p.
650 _aMadhya Pradesh
650 _aForest department
650 _aPerformance budgeting
999 _c501185
_d501185